000 007390000a22002170004500
090 _aAR
_b03015
245 1 0 _aKeyopsis nom. nov.for the junior homonym Keyacris ronderos and Cigliano (<Orthoptera: acridoidea>)
650 1 4 _aInsectos
_992622
650 1 4 _aEntomología
_94483
650 1 4 _aNuevos géneros
_995497
650 1 4 _aTaxonomía
_992343
650 1 4 _aLangostas
_996609
651 4 _pBolivia
_992749
653 _fAcrididae
_gKeyacris
_eKeyacris palidiventer
653 _fAcrididae
_gKeyacris
_eKeyacris striativenter
041 0 _aInglés
700 1 _aCigliano, María Marta
_996610
100 1 _aRonderos, Ricardo A.
_996611
942 _cARTICULO
773 1 _tTransactions of the American Entomological Society
_3693
_q230-230
999 _c12072
_d12072